[Event "XXXVII Olimpiadi femminile"]
[Site "Torino ITA"]
[Date "2006.05.27"]
[Round "6.3"]
[White "Macek, Vlasta"]
[Black "Ovezova, Maisa"]
[Result "1-0"]
[WhiteElo "2243"]
[BlackElo "2137"]
[Annotator "CRO-TKM"]
[PlyCount "99"]
[EventDate "2006.05.21"]

1. d4 g6 2. Nf3 Bg7 3. c4 Nf6 4. g3 d5 5. Bg2 Nc6 6. cxd5 Nxd5 7. O-O Nb6 8. e3
Bg4 9. h3 Bf5 10. Nc3 Qc8 11. Kh2 O-O 12. e4 Bd7 13. d5 Na5 14. Nd4 c6 15. b3
cxd5 16. Nxd5 Nxd5 17. exd5 e5 18. Ne2 e4 19. Rb1 f5 20. Ba3 b6 21. Bxf8 Qxf8
22. Rc1 Qd6 23. Qd2 Bb5 24. Rfd1 Rd8 25. Bf1 Be5 26. Kg1 Nb7 27. Nc3 Bxf1 28.
Kxf1 Nc5 29. Qe2 Nd3 30. Rc2 Bxc3 31. Rxc3 Qxd5 32. Qe3 Qb5 33. Kg1 Qe5 34. Rc4
Re8 35. Qd4 Qxd4 36. Rxd4 Re7 37. Kf1 Kf7 38. f3 Kf6 39. fxe4 fxe4 40. Ke2 Ke5
41. Ke3 Kf5 42. Rf1+ Kg5 43. Rxe4 Rxe4+ 44. Kxe4 Nc5+ 45. Kd4 h5 46. b4 Nb7 47.
Kd5 a5 48. Kc6 Nd8+ 49. Kd7 Nb7 50. Kc7 1-0

[Event "XXXVII Olimpiadi femminile"]
[Site "Torino ITA"]
[Date "2006.05.27"]
[Round "6.3"]
[White "Berlin, Tatiana"]
[Black "Mendoza, Beverly"]
[Result "1-0"]
[WhiteElo "2207"]
[BlackElo "2132"]
[Annotator "BLR-PHI"]
[PlyCount "129"]
[EventDate "2006.05.21"]

1. e4 Nc6 2. d4 e5 3. d5 Nce7 4. f4 Ng6 5. Qf3 exf4 6. Bxf4 Qf6 7. Bc1 Bc5 8.
Nc3 a6 9. Bd2 d6 10. O-O-O h5 11. h3 b5 12. Bd3 Bd7 13. Rf1 Ne5 14. Qe2 Qg6 15.
Nf3 Nf6 16. Nh4 Qh7 17. Nf5 h4 18. Bg5 Bxf5 19. Rxf5 Nfd7 20. Kb1 f6 21. Be3
Ke7 22. Nd1 Rab8 23. Rhf1 Qg6 24. Bd2 Nb6 25. Be1 Rh7 26. R5f4 Rbh8 27. Bc3
Nbd7 28. b3 Rh5 29. Ne3 Bxe3 30. Qxe3 Ra8 31. Be2 Rg5 32. Bf3 Qh6 33. Be1 Nxf3
34. Qxf3 Ne5 35. Qc3 Kd7 36. Rxh4 Qg6 37. g3 a5 38. Rhf4 a4 39. g4 axb3 40.
cxb3 Qe8 41. Bh4 Rg6 42. Rf5 Ra6 43. Rc1 Ra7 44. Bf2 Rb7 45. Bd4 Kc8 46. Bxe5
dxe5 47. Rh5 b4 48. Qc6 Qg8 49. Rxe5 fxe5 50. Qxg6 Rb6 51. Qf5+ Kb7 52. Qxe5
Qf7 53. h4 Rd6 54. g5 Qf3 55. Qd4 Rb6 56. Qc4 Qf4 57. Rh1 Qd2 58. Qc2 Qd4 59.
h5 Ra6 60. h6 gxh6 61. gxh6 Rf6 62. h7 Rf8 63. Qc6+ Kb8 64. Qb5+ Kc8 65. Qc4
1-0

[Event "XXXVII Olimpiadi femminile"]
[Site "Torino ITA"]
[Date "2006.05.27"]
[Round "6.1"]
[White "Sanchez Castillo, Sarai"]
[Black "Houska, Jovanka"]
[Result "1-0"]
[WhiteElo "2176"]
[BlackElo "2378"]
[Annotator "VEN-ENG"]
[PlyCount "123"]
[EventDate "2006.05.21"]

1. e4 e5 2. d4 exd4 3. Qxd4 Nc6 4. Qe3 Nf6 5. Nc3 Be7 6. Bd2 d5 7. exd5 Nxd5 8.
Nxd5 Qxd5 9. Ne2 O-O 10. Nc3 Qh5 11. Be2 Qg6 12. O-O Bf5 13. Bd3 Bxd3 14. cxd3
Rad8 15. Ne4 Rd5 16. Bc3 f5 17. Nd2 Rfd8 18. Nc4 Rxd3 19. Qf4 Bd6 20. Nxd6
R3xd6 21. Rae1 Qf7 22. a3 h6 23. h4 Ne7 24. Qa4 Nc6 25. Qf4 a6 26. Qf3 b6 27.
Rd1 Nd4 28. Rxd4 Rxd4 29. Bxd4 Rxd4 30. Qa8+ Kh7 31. Qxa6 Rxh4 32. Qe2 Re4 33.
Qf3 Qe6 34. b4 Rc4 35. Rd1 Qe5 36. g3 Rc3 37. Rd3 Rxd3 38. Qxd3 h5 39. Qf3 g6
40. Qb3 b5 41. Qf7+ Qg7 42. Qd5 Qa1+ 43. Kg2 Kh6 44. Qd2+ g5 45. Qd5 Qxa3 46.
Qc6+ Kg7 47. Qxc7+ Kg6 48. Qc6+ Kg7 49. Qxb5 Qa8+ 50. Kh2 Qf3 51. Qd7+ Kf6 52.
Qd4+ Ke6 53. b5 Qb7 54. b6 h4 55. gxh4 gxh4 56. Qxh4 Kd5 57. Qd8+ Ke4 58. Qc7
Qa8 59. b7 Qa7 60. Qc2+ Kf4 61. Qc7+ Ke4 62. Kg2 1-0

[Event "XXXVII Olimpiadi femminile"]
[Site "Torino ITA"]
[Date "2006.05.27"]
[Round "6.3"]
[White "Hernandez, Zaida"]
[Black "Bellin, Jana M."]
[Result "1-0"]
[WhiteElo "2046"]
[BlackElo "2170"]
[Annotator "VEN-ENG"]
[PlyCount "123"]
[EventDate "2006.05.21"]

1. e4 c5 2. Nf3 e6 3. d4 cxd4 4. Nxd4 a6 5. Nc3 Qc7 6. g3 Bb4 7. Nde2 Nf6 8.
Bg2 Be7 9. O-O Nc6 10. Nd4 O-O 11. Re1 d6 12. a4 Na5 13. Nb3 Rb8 14. Nxa5 Qxa5
15. Bf4 Rd8 16. Qe2 Nd7 17. Be3 Bf6 18. Bd2 Qc7 19. f4 b6 20. Ra3 Bb7 21. Be3
Rdc8 22. Qd2 Be7 23. Raa1 Bc6 24. Bd4 Bf6 25. Rad1 e5 26. Be3 Be7 27. Bh3 Rd8
28. Qf2 Nf6 29. Nd5 Nxd5 30. exd5 Bxa4 31. b3 Bd7 32. Bg2 Bf6 33. fxe5 Bxe5 34.
Bd4 Bxd4 35. Rxd4 Rbc8 36. Rc4 Qb7 37. Re7 f6 38. Bh3 Rxc4 39. bxc4 Kf8 40.
Rxd7 Rxd7 41. Bxd7 Qxd7 42. Qxb6 Qe7 43. Kf2 Qe5 44. Qxa6 Qd4+ 45. Ke2 Qe5+ 46.
Kd3 Kf7 47. Qc8 f5 48. Qd7+ Kf6 49. Qd8+ Kg6 50. Qh4 Qe1 51. Qf4 Qd1+ 52. Kc3
Qa1+ 53. Kd2 Qa5+ 54. Ke2 Qc5 55. h4 h6 56. h5+ Kf6 57. g4 Qc8 58. Qxd6+ Kg5
59. Qg6+ Kf4 60. Qxf5+ Qxf5 61. gxf5 Kxf5 62. d6 1-0

[Event "XXXVII Olimpiadi femminile"]
[Site "Torino ITA"]
[Date "2006.05.27"]
[Round "6.1"]
[White "Atalik Polovnikova, Ekaterina"]
[Black "Sabirova, Olga"]
[Result "0-1"]
[WhiteElo "2393"]
[BlackElo "2212"]
[Annotator "TUR-UZB"]
[PlyCount "120"]
[EventDate "2006.05.21"]

1. d4 Nf6 2. c4 g6 3. Nc3 Bg7 4. e4 d6 5. Nf3 O-O 6. h3 e5 7. d5 Na6 8. Bg5 Qe8
9. Nd2 Nh5 10. g3 f5 11. exf5 gxf5 12. Be2 Nf6 13. g4 Qg6 14. Bh4 fxg4 15. Bxf6
Rxf6 16. hxg4 Nc5 17. f3 Rf4 18. Nde4 Nxe4 19. Nxe4 Bh6 20. Qd3 Rf7 21. Kd1 Bd7
22. Kc2 Bf4 23. Rh5 c6 24. Nc3 cxd5 25. Nxd5 Bc6 26. Rah1 Qxd3+ 27. Bxd3 Bxd5
28. cxd5 Rc8+ 29. Kb3 Rcc7 30. Bf5 Rg7 31. Be6+ Kf8 32. Rf5+ Ke7 33. Rfh5 h6
34. Rf5 Bg5 35. Rh2 Ke8 36. Re2 Rge7 37. Re4 Rc5 38. Ra4 a5 39. Rc4 Rec7 40.
Rxc5 Rxc5 41. Rf7 b6 42. Rb7 Bd8 43. Bd7+ Kf8 44. Bc6 Rc1 45. Rh7 Bg5 46. Rd7
Be7 47. Rb7 Rf1 48. Rxb6 Rxf3+ 49. Kc2 e4 50. Kd1 Rg3 51. Ke2 Rxg4 52. Bd7 Rg3
53. Be6 Kg7 54. Rb7 Kf6 55. Ra7 h5 56. Rxa5 Rg2+ 57. Kf1 Rxb2 58. Ra7 e3 59. a4
Bd8 60. Ra6 Ke5 0-1

[Event "XXXVII Olimpiadi femminile"]
[Site "Torino ITA"]
[Date "2006.05.27"]
[Round "6.1"]
[White "Fierro Baquero, Martha Lorena"]
[Black "Sukandar, Irine Kharisma"]
[Result "1-0"]
[WhiteElo "2294"]
[BlackElo "2213"]
[Annotator "ECU-INA"]
[PlyCount "55"]
[EventDate "2006.05.21"]

1. e4 c5 2. Nf3 Nc6 3. Bb5 g6 4. O-O Bg7 5. Re1 Nf6 6. e5 Nd5 7. Nc3 Nc7 8.
Bxc6 dxc6 9. Ne4 Ne6 10. d3 O-O 11. Be3 b6 12. Qd2 Re8 13. a4 a5 14. Bh6 Bh8
15. Neg5 f6 16. Nxe6 Bxe6 17. Qf4 Bg7 18. h4 Qd7 19. Re3 Bd5 20. Bxg7 Kxg7 21.
Nd2 f5 22. h5 Rg8 23. e6 Bxe6 24. Qe5+ Kf7 25. Rae1 Bd5 26. c4 Be4 27. dxe4
Qxd2 28. exf5 1-0

[Event "XXXVII Olimpiadi femminile"]
[Site "Torino ITA"]
[Date "2006.05.27"]
[Round "6.2"]
[White "Lindiawati, Evi"]
[Black "Moncayo Romero, Evelyn"]
[Result "0-1"]
[WhiteElo "2145"]
[BlackElo "2261"]
[Annotator "ECU-INA"]
[PlyCount "98"]
[EventDate "2006.05.21"]

1. e4 c5 2. Nf3 d6 3. d4 cxd4 4. Nxd4 Nf6 5. Nc3 a6 6. Be2 e5 7. Nb3 Be6 8. O-O
Qc7 9. f4 b5 10. a3 Nbd7 11. Be3 Nb6 12. f5 Bc4 13. Na5 d5 14. Nxc4 Nxc4 15.
Bxc4 dxc4 16. Kh1 h6 17. g4 Bc5 18. g5 hxg5 19. Bxg5 Qc6 20. Bxf6 Qxf6 21. Nd5
Qh4 22. Nc7+ Kf8 23. Qe2 Rd8 24. Nd5 Rd6 25. f6 gxf6 26. Rf5 Rh6 27. Raf1 Kg7
28. R5f3 Re6 29. b4 Ba7 30. Rd1 Rg6 31. Ne3 Bxe3 32. Qxe3 Qg4 33. Qe2 Rd6 34.
Rdf1 Rd4 35. Re3 Qxe2 36. Rxe2 Rg4 37. Rg1 Rxg1+ 38. Kxg1 Rd1+ 39. Kf2 Kg6 40.
Kf3 f5 41. h4 Rh1 42. Rd2 Rh3+ 43. Kg2 Rxa3 44. exf5+ Kxf5 45. Rf2+ Kg6 46. h5+
Kxh5 47. Rxf7 Kg6 48. Rd7 Kf5 49. Rd6 Ra2 0-1

[Event "XXXVII Olimpiadi femminile"]
[Site "Torino ITA"]
[Date "2006.05.27"]
[Round "6.1"]
[White "Hernandez Guerrero, Yadira"]
[Black "Tilenbaeva, Janyl"]
[Result "0-1"]
[WhiteElo "2225"]
[BlackElo "2051"]
[Annotator "MEX-KGZ"]
[PlyCount "122"]
[EventDate "2006.05.21"]

1. d4 d5 2. c4 c6 3. e3 Nf6 4. Nf3 g6 5. Bd3 Bg7 6. O-O O-O 7. Nbd2 Nbd7 8. b3
Re8 9. Bb2 Nf8 10. Qc2 Ng4 11. h3 Nh6 12. Rac1 Bf5 13. Rfd1 Bxd3 14. Qxd3 Ne6
15. b4 a5 16. a3 a4 17. Qc2 Nf5 18. c5 Nc7 19. Ne5 f6 20. Nef3 Nb5 21. e4 dxe4
22. Nxe4 e6 23. Qc4 Qd5 24. Ned2 Bh6 25. Rc2 Rad8 26. Qxd5 exd5 27. Nf1 Re6 28.
g4 Ng7 29. Ng3 Rde8 30. Kf1 R6e7 31. h4 Ne6 32. Ne2 Bf4 33. Nc3 Nxc3 34. Bxc3
Nc7 35. Re1 Nb5 36. Bb2 Rxe1+ 37. Nxe1 Re4 38. Re2 Kf7 39. Ng2 Bh6 40. Rxe4
dxe4 41. Ke2 Ke6 42. f4 exf3+ 43. Kxf3 Kd5 44. g5 fxg5 45. Ne3+ Ke6 46. Ng4 Bf8
47. hxg5 Kf5 48. Ne3+ Kxg5 49. d5 cxd5 50. Nxd5 Kf5 51. Nb6 g5 52. Nxa4 g4+ 53.
Kg2 h5 54. Nb6 h4 55. Nd5 h3+ 56. Kg3 Bh6 57. a4 Nc7 58. Ne7+ Ke6 59. Nc8 Bf4+
60. Kf2 g3+ 61. Kf1 g2+ 0-1

[Event "XXXVII Olimpiadi femminile"]
[Site "Torino ITA"]
[Date "2006.05.27"]
[Round "6.2"]
[White "Sabirova, Sofia"]
[Black "Carreras Mendiolea, Paulina Adria"]
[Result "1-0"]
[WhiteElo "2143"]
[BlackElo "1935"]
[Annotator "MEX-KGZ"]
[PlyCount "49"]
[EventDate "2006.05.21"]

1. d4 Nf6 2. c4 e5 3. d5 Bc5 4. Nc3 d6 5. e3 O-O 6. Nge2 Bg4 7. f3 Bd7 8. Ng3
c6 9. Bd3 h6 10. Qe2 Bb4 11. e4 Bxc3+ 12. bxc3 Na6 13. O-O Nc5 14. Be3 Qa5 15.
Qd2 Rfc8 16. Bc2 Kh7 17. f4 Ng4 18. fxe5 Nxe5 19. Bxh6 gxh6 20. Rf6 Rh8 21.
Rxh6+ Kg8 22. Rxh8+ Kxh8 23. Qh6+ Kg8 24. Nh5 Ne6 25. Nf6# 1-0

[Event "XXXVII Olimpiadi femminile"]
[Site "Torino ITA"]
[Date "2006.05.27"]
[Round "6.3"]
[White "Estrada Gaspar, Nelly Massiel"]
[Black "Samaganova, Alexandra"]
[Result "1-0"]
[WhiteElo "2029"]
[BlackElo "2087"]
[Annotator "MEX-KGZ"]
[PlyCount "157"]
[EventDate "2006.05.21"]

1. e4 c5 2. Nc3 e6 3. f4 a6 4. Nf3 Nc6 5. g3 b5 6. Bg2 Nge7 7. d4 cxd4 8. Nxd4
Nxd4 9. Qxd4 Nc6 10. Qf2 Qc7 11. f5 b4 12. Ne2 Be7 13. Be3 Rb8 14. Nf4 Ne5 15.
h3 Nc4 16. Bd4 f6 17. b3 Na3 18. Rc1 Nb5 19. Be3 Nc3 20. O-O Nxa2 21. Ra1 Nc3
22. Qf3 O-O 23. Qg4 Bc5 24. Bxc5 Qxc5+ 25. Kh1 e5 26. Nd3 Qb6 27. Nb2 Nb5 28.
Nc4 Qc7 29. h4 Nd4 30. Rf2 Qc5 31. Rd2 Rb5 32. Bf1 Rb8 33. h5 h6 34. Bd3 Qc6
35. Ne3 d6 36. Bc4+ Kh8 37. Nd5 Qe8 38. Ne3 Bb7 39. Ng2 Qc6 40. Re1 Qd7 41. Nh4
Rfd8 42. Kh2 d5 43. Ng6+ Kh7 44. exd5 Bxd5 45. Rxd4 Qa7 46. Ne7 Qxd4 47. Qxd4
exd4 48. Bxd5 Rd7 49. Bf7 Rc7 50. Re2 Rd8 51. Bg6+ Kh8 52. Nd5 Rcc8 53. Nxb4 a5
54. Nd3 Rc3 55. Bf7 Rc7 56. Be6 Ra8 57. Nf4 Kh7 58. Rd2 a4 59. bxa4 Rxa4 60.
Bb3 Ra5 61. g4 Re5 62. Rxd4 Re8 63. Ne6 Ra7 64. Kg3 Rc8 65. Kf3 Rb7 66. Ke4 Re8
67. Kd3 Rc8 68. Ba4 Ra7 69. Bb5 Ra3+ 70. Ke4 Ra7 71. c4 Re7 72. Kd5 Ra7 73. c5
Kg8 74. c6 Ra5 75. Kc5 Rb8 76. Rd8+ Rxd8 77. Nxd8 Ra8 78. c7 Kf8 79. Kd6 1-0

[Event "XXXVII Olimpiadi femminile"]
[Site "Torino ITA"]
[Date "2006.05.27"]
[Round "6.1"]
[White "Berezina, Irina"]
[Black "Toubal, Wissan"]
[Result "1-0"]
[WhiteElo "2281"]
[BlackElo "1963"]
[Annotator "AUS-ALG"]
[PlyCount "79"]
[EventDate "2006.05.21"]

1. d4 Nf6 2. Nf3 e6 3. Bg5 Be7 4. Nbd2 d5 5. e3 Nbd7 6. Bd3 c5 7. c3 O-O 8. Ne5
Re8 9. O-O Qc7 10. f4 c4 11. Bc2 b5 12. Rf3 Nf8 13. Rh3 g6 14. Qe1 N6d7 15.
Bxe7 Rxe7 16. Qh4 Qd6 17. e4 f5 18. Nxd7 Qxd7 19. exd5 exd5 20. Nf3 Qe8 21. Ne5
Bd7 22. Bd1 a5 23. Re3 Ra7 24. Bf3 Be6 25. a3 Qa8 26. Qf6 Qb7 27. Rae1 Ra6 28.
Qg5 Kg7 29. h4 h6 30. Qg3 Kf6 31. Qf2 h5 32. Qg3 Rh7 33. Qg5+ Kg7 34. Nxg6 Nxg6
35. Rxe6 Rxe6 36. Rxe6 Rh6 37. Qf6+ Kg8 38. Qxf5 Qf7 39. Qxf7+ Kxf7 40. f5 1-0

[Event "XXXVII Olimpiadi femminile"]
[Site "Torino ITA"]
[Date "2006.05.27"]
[Round "6.1"]
[White "Heinatz, Gundula"]
[Black "Isgandarova, Khayala Ilqar Qizi"]
[Result "1/2-1/2"]
[WhiteElo "2277"]
[BlackElo "2104"]
[Annotator "SUI-AZE"]
[PlyCount "81"]
[EventDate "2006.05.21"]

1. d4 Nf6 2. c4 g6 3. Nc3 Bg7 4. e4 d6 5. Be2 O-O 6. Nf3 e5 7. O-O Nc6 8. d5
Ne7 9. b4 a5 10. Ba3 axb4 11. Bxb4 b6 12. a4 Ne8 13. a5 c5 14. dxc6 Nxc6 15.
Ba3 Nxa5 16. Nb5 Bb7 17. Qd3 f5 18. Nd2 Bh6 19. Rad1 Rf7 20. Bf3 Rc8 21. exf5
gxf5 22. Bxb7 Nxb7 23. Rfe1 Qf6 24. Nf1 Qg6 25. Ne3 e4 26. Qd5 f4 27. Nf1 Nf6
28. Qe6 Re8 29. Qh3 e3 30. fxe3 Ne4 31. exf4 Bxf4 32. Nc3 Nbc5 33. Bxc5 bxc5
34. Nxe4 Rxe4 35. Rxe4 Qxe4 36. Qd3 Qxd3 37. Rxd3 Be5 38. Rf3 Bd4+ 39. Kh1 Rxf3
40. gxf3 Kf7 41. f4 1/2-1/2

[Event "XXXVII Olimpiadi femminile"]
[Site "Torino ITA"]
[Date "2006.05.27"]
[Round "6.2"]
[White "Umudova, Nargiz"]
[Black "Seps, Monika"]
[Result "1-0"]
[WhiteElo "2176"]
[BlackElo "2247"]
[Annotator "SUI-AZE"]
[PlyCount "57"]
[EventDate "2006.05.21"]

1. e4 d5 2. exd5 Nf6 3. d4 Bg4 4. f3 Bf5 5. Bb5+ Nbd7 6. Nc3 a6 7. Bd3 Bxd3 8.
Qxd3 Nb6 9. Nge2 Nfxd5 10. Ne4 e5 11. dxe5 Qe7 12. c4 Nb4 13. Qc3 Na4 14. Qb3
Qd7 15. O-O Nc5 16. Qxb4 Nxe4 17. Qxb7 Bc5+ 18. Kh1 Nf2+ 19. Rxf2 Qd1+ 20. Ng1
O-O 21. Be3 Qxa1 22. Bxc5 Rfe8 23. a3 Rad8 24. Qxc7 Rc8 25. Qd6 Red8 26. Qb6
Qe1 27. Re2 Qf1 28. Bd6 h6 29. c5 1-0

[Event "XXXVII Olimpiadi femminile"]
[Site "Torino ITA"]
[Date "2006.05.27"]
[Round "6.1"]
[White "Dengler, Dijana"]
[Black "Johansson, Viktoria"]
[Result "1-0"]
[WhiteElo "2144"]
[BlackElo "2222"]
[Annotator "BIH-SWE"]
[PlyCount "67"]
[EventDate "2006.05.21"]

1. d4 d5 2. Nf3 Nf6 3. e3 c6 4. Bd3 Bg4 5. c4 e6 6. Qb3 Qb6 7. c5 Qc7 8. Ne5
Bh5 9. f4 Nfd7 10. O-O f6 11. Nxd7 Nxd7 12. e4 O-O-O 13. exd5 exd5 14. Qa3 Re8
15. f5 b5 16. Bf4 Qb7 17. b4 g6 18. Nc3 g5 19. Bg3 Re3 20. Nxd5 cxd5 21. c6
Qxc6 22. Rac1 Nc5 23. bxc5 Be2 24. Rfd1 Bxd1 25. Rxd1 a6 26. Qb3 Re7 27. a4
bxa4 28. Qb8+ Kd7 29. Rb1 Bg7 30. Rb7+ Qxb7 31. Qxb7+ Ke8 32. Qa8+ Kf7 33.
Qxd5+ Ke8 34. Bxa6 1-0

[Event "XXXVII Olimpiadi femminile"]
[Site "Torino ITA"]
[Date "2006.05.27"]
[Round "6.2"]
[White "Pavlovskaia, Evgenia"]
[Black "Dedijer, Sanja"]
[Result "1/2-1/2"]
[WhiteElo "2182"]
[BlackElo "2068"]
[Annotator "BIH-SWE"]
[PlyCount "113"]
[EventDate "2006.05.21"]

1. e4 e6 2. d4 d5 3. Nc3 Nf6 4. Bg5 Be7 5. Bxf6 Bxf6 6. Nf3 Nc6 7. Bb5 Be7 8.
O-O O-O 9. Re1 Na5 10. Qe2 c6 11. Bd3 b6 12. a3 Nb7 13. Rad1 Bd7 14. Ne5 Be8
15. Nb1 Nd6 16. Nd2 dxe4 17. Nxe4 Nf5 18. c3 f6 19. Nf3 Bf7 20. Qc2 g6 21. Bc4
Re8 22. Ba2 Kg7 23. c4 Qc7 24. Qc3 Rad8 25. g4 Nd6 26. Ng3 c5 27. dxc5 Qxc5 28.
b4 Qc7 29. Ng5 e5 30. Nxf7 Nxf7 31. Ne4 Qc8 32. Qf3 Rd4 33. c5 bxc5 34. bxc5
Red8 35. h3 Qa6 36. Rxd4 Rxd4 37. Qb3 Nh6 38. Re3 Qc6 39. Qc2 f5 40. Ng3 Qxc5
41. Qxc5 Bxc5 42. Rxe5 Bd6 43. Ra5 Bxg3 44. Rxa7+ Kf6 45. Rxh7 Nxg4 46. hxg4
Bxf2+ 47. Kxf2 Rd2+ 48. Ke1 Rxa2 49. gxf5 Kxf5 50. Rh3 g5 51. Rb3 Kg4 52. Kf1
Kh4 53. Kg1 g4 54. Rc3 g3 55. Rc8 Kh3 56. Rh8+ Kg4 57. Rh7 1/2-1/2

[Event "XXXVII Olimpiadi femminile"]
[Site "Torino ITA"]
[Date "2006.05.27"]
[Round "6.1"]
[White "Ibraheem, Delbak Ismael Ibraheem"]
[Black "Jackova, Jana"]
[Result "0-1"]
[WhiteElo "1897"]
[BlackElo "2389"]
[Annotator "IRQ-CZE"]
[PlyCount "46"]
[EventDate "2006.05.21"]

1. e4 e5 2. Nf3 Nc6 3. d4 exd4 4. Nxd4 Bc5 5. Nxc6 Qf6 6. Qd2 dxc6 7. Bd3 Be6
8. Qf4 Qe7 9. Nc3 Nf6 10. O-O O-O-O 11. Be3 Ng4 12. Bxc5 Qxc5 13. Rfd1 g5 14.
Qf3 h5 15. Bf1 h4 16. Rxd8+ Rxd8 17. Qe2 Qe5 18. g3 hxg3 19. hxg3 Qh8 20. f3
Qd4+ 21. Kg2 Ne3+ 22. Kf2 Nxc2+ 23. Kg2 Nxa1 0-1

[Event "XXXVII Olimpiadi femminile"]
[Site "Torino ITA"]
[Date "2006.05.27"]
[Round "6.1"]
[White "Pourkashiyan, Atousa"]
[Black "Perez, Eneida"]
[Result "1-0"]
[WhiteElo "2311"]
[BlackElo "2110"]
[Annotator "IRI-DOM"]
[PlyCount "56"]
[EventDate "2006.05.21"]

1. e4 e5 2. Bc4 Qe7 3. Nf3 h6 4. O-O g5 5. d4 d6 6. dxe5 dxe5 7. b3 Bg7 8. Ba3
Qf6 9. Nc3 c6 10. Qd2 Nd7 11. Rad1 Ne7 12. Qe3 Qf4 13. Qe1 Nb6 14. Ne2 Qf6 15.
Ng3 h5 16. Rd6 Be6 17. Bxe6 fxe6 18. Bc1 Bh6 19. Nxh5 Qf7 20. Ng3 g4 21. Nxe5
Qh7 22. Nxg4 Bg7 23. Rxe6 Rd8 24. Nf5 Nbc8 25. Rh6 Qg8 26. Nxg7+ Qxg7 27. Rxh8+
Qxh8 28. Bg5 Qe5 1-0

[Event "XXXVII Olimpiadi femminile"]
[Site "Torino ITA"]
[Date "2006.05.27"]
[Round "6.2"]
[White "Jose' Polanco, Kenia"]
[Black "Paridar, Shadi"]
[Result "0-1"]
[WhiteElo "2025"]
[BlackElo "2210"]
[Annotator "IRI-DOM"]
[PlyCount "90"]
[EventDate "2006.05.21"]

1. d4 d5 2. Nf3 e6 3. Bf4 c5 4. c3 Nc6 5. e3 Nf6 6. Nbd2 Bd6 7. Bg3 O-O 8. Bd3
Qe7 9. Ne5 cxd4 10. exd4 Nd7 11. Qh5 f5 12. f4 Nf6 13. Qh3 Bxe5 14. fxe5 Ne4
15. Bxe4 dxe4 16. Bf2 Qg5 17. Qg3 Qh6 18. Qh4 e3 19. Qxh6 exf2+ 20. Kxf2 gxh6
21. Nc4 Bd7 22. Rad1 Ne7 23. Rd3 Rf7 24. Rh3 Rg7 25. Rxh6 Bc6 26. Rg1 Ng6 27.
g3 Bd5 28. Nd2 b5 29. a3 a5 30. Rc1 Rc8 31. Nf1 b4 32. axb4 axb4 33. Ne3 Rgc7
34. Nxd5 exd5 35. Re1 bxc3 36. bxc3 Rxc3 37. Rh5 Rc2+ 38. Kf1 Ne7 39. Rg5+ Kf7
40. Rh5 Kg6 41. Rh4 Rd2 42. Ra1 Rc6 43. Ke1 Rg2 44. Kf1 Rb2 45. Rf4 Rxh2 0-1

[Event "XXXVII Olimpiadi femminile"]
[Site "Torino ITA"]
[Date "2006.05.27"]
[Round "6.3"]
[White "Ghaderpour Taleghani, Shayesteh"]
[Black "Munoz, Doribel"]
[Result "1-0"]
[WhiteElo "2144"]
[BlackElo "1941"]
[Annotator "IRI-DOM"]
[PlyCount "53"]
[EventDate "2006.05.21"]

1. e4 e5 2. Nf3 Nc6 3. Bb5 d6 4. c3 Nf6 5. d3 Be7 6. O-O O-O 7. Re1 Bg4 8. Nbd2
a6 9. Ba4 b5 10. Bb3 d5 11. Qe2 d4 12. h3 dxc3 13. bxc3 Bh5 14. Nf1 Na5 15. Bc2
Qd6 16. Ng3 Bxf3 17. Qxf3 Qb6 18. Nf5 Bc5 19. Bg5 Kh8 20. Rad1 Rfe8 21. d4 Bf8
22. Nh6 Nc4 23. Nxf7+ Kg8 24. Nxe5 Nxe5 25. dxe5 Rxe5 26. Bf4 Ree8 27. e5 1-0

[Event "XXXVII Olimpiadi femminile"]
[Site "Torino ITA"]
[Date "2006.05.27"]
[Round "6.1"]
[White "Siti, Zulaikha"]
[Black "Martinez Porras, Ingrid Lorena"]
[Result "1-0"]
[WhiteElo "2169"]
[BlackElo "1911"]
[Annotator "MAS-GUA"]
[PlyCount "85"]
[EventDate "2006.05.21"]

1. e4 c5 2. Nc3 a6 3. f4 b5 4. Nf3 Bb7 5. d3 d6 6. g3 Nf6 7. Bg2 e6 8. O-O Be7
9. h3 O-O 10. g4 b4 11. Ne2 Nc6 12. Ng3 a5 13. f5 Nd4 14. Be3 Nxf3+ 15. Qxf3
Nd7 16. Nh5 d5 17. Rad1 Qc7 18. Kh1 Bd6 19. Nf4 dxe4 20. dxe4 exf5 21. gxf5 Nf6
22. Nd5 Bxd5 23. exd5 Rfe8 24. Bf4 Rad8 25. Bxd6 Rxd6 26. Rfe1 Qd7 27. Rxe8+
Nxe8 28. c4 Rf6 29. Qe3 Nd6 30. Qxc5 Nxf5 31. Re1 h6 32. Kh2 Nd6 33. Qc6 Qf5
34. Re8+ Kh7 35. Qxd6 Rxd6 36. Be4 Qxe4 37. Rxe4 f5 38. Rd4 Kg6 39. c5 Rd8 40.
d6 Kf7 41. c6 Ke6 42. c7 Rf8 43. d7 1-0

[Event "XXXVII Olimpiadi femminile"]
[Site "Torino ITA"]
[Date "2006.05.27"]
[Round "6.2"]
[White "Monterroso Ochoa, Karla Vanessa"]
[Black "Wan, Khye Theng"]
[Result "0-1"]
[WhiteElo "1723"]
[BlackElo "1989"]
[Annotator "MAS-GUA"]
[PlyCount "120"]
[EventDate "2006.05.21"]

1. e4 e6 2. d4 d5 3. exd5 exd5 4. Bd3 Bd6 5. Nc3 c6 6. Nge2 Ne7 7. Bf4 Bf5 8.
Qd2 Qc7 9. Bxd6 Qxd6 10. Ng3 Bxd3 11. Qxd3 Nd7 12. O-O O-O 13. Rfe1 Nf6 14. h3
Ng6 15. Nce2 Rfe8 16. c3 Re6 17. Nf5 Qd7 18. Neg3 Rae8 19. Rxe6 Rxe6 20. Qd2
Qe8 21. Kf1 Kf8 22. a4 h6 23. a5 Ne7 24. Nxe7 Qxe7 25. Re1 Ne4 26. Nxe4 Rxe4
27. Rxe4 Qxe4 28. f3 Qf5 29. Kf2 Ke7 30. Qe2+ Qe6 31. Qxe6+ Kxe6 32. Ke3 f6 33.
Kf4 g6 34. g3 Kd6 35. Ke3 Kc7 36. h4 Kd6 37. g4 g5 38. hxg5 hxg5 39. f4 Kc7 40.
fxg5 fxg5 41. Kd3 b6 42. axb6+ Kxb6 43. c4 Ka5 44. Kc3 Ka4 45. b3+ Ka3 46. cxd5
cxd5 47. Kc2 Kb4 48. Kb2 a5 49. Kc2 a4 50. bxa4 Kxa4 51. Kc3 Ka3 52. Kc2 Kb4
53. Kd3 Kb3 54. Kd2 Kc4 55. Ke3 Kc3 56. Ke2 Kxd4 57. Kd2 Ke4 58. Ke2 Kf4 59.
Kd3 Kxg4 60. Kd4 Kf3 0-1

[Event "XXXVII Olimpiadi femminile"]
[Site "Torino ITA"]
[Date "2006.05.27"]
[Round "6.3"]
[White "Zullkafli, Nur Shazwani"]
[Black "Castillo Melendez, Dina Lisette"]
[Result "0-1"]
[WhiteElo "2108"]
[BlackElo "2060"]
[Annotator "MAS-GUA"]
[PlyCount "80"]
[EventDate "2006.05.21"]

1. e4 c5 2. Nf3 e6 3. d4 cxd4 4. Nxd4 a6 5. Nc3 Qc7 6. Be2 Nf6 7. O-O Be7 8.
Be3 b5 9. a3 Bb7 10. Bf3 d6 11. Qe2 Nbd7 12. g3 O-O 13. Bg2 Ne5 14. Rfd1 Nc4
15. Bc1 Rfe8 16. h3 Rac8 17. f4 Bf8 18. Nf3 g6 19. Rd3 d5 20. e5 Ne4 21. Kh2
Bc5 22. Ne1 Nxc3 23. bxc3 Qe7 24. a4 Bc6 25. a5 Qc7 26. Rd1 Nxa5 27. Nd3 Bf8
28. Be3 Bb7 29. Qf2 Nc4 30. Bd4 Qd7 31. Bf1 Qc6 32. Nb4 Bxb4 33. cxb4 Ra8 34.
c3 a5 35. Bxc4 dxc4 36. bxa5 Red8 37. Bb6 Rd3 38. Rxd3 cxd3 39. Bd4 Qc4 40. Qe3
Qd5 0-1

[Event "XXXVII Olimpiadi femminile"]
[Site "Torino ITA"]
[Date "2006.05.27"]
[Round "6.1"]
[White "Coimbra, Margarida"]
[Black "Bakalarz, Grazyna"]
[Result "1/2-1/2"]
[WhiteElo "2070"]
[BlackElo "2068"]
[Annotator "POR-LUX"]
[PlyCount "98"]
[EventDate "2006.05.21"]

1. e4 c5 2. Nc3 Nc6 3. g3 g6 4. d3 Bg7 5. Be3 d6 6. Qd2 e5 7. Bg2 Nge7 8. Bh6
Bxh6 9. Qxh6 Nd4 10. Qd2 Be6 11. Nce2 Qd7 12. c3 Nxe2 13. Nxe2 Bh3 14. O-O Bxg2
15. Kxg2 d5 16. Qe3 d4 17. cxd4 cxd4 18. Qg5 Qe6 19. f4 f6 20. Qh6 O-O-O 21.
fxe5 fxe5 22. Rf3 Rd7 23. b3 Nc6 24. Raf1 Rhd8 25. Rf8 Rxf8 26. Qxf8+ Kc7 27.
Qc5 Rf7 28. b4 Rxf1 29. Kxf1 Qf6+ 30. Kg2 Qd6 31. Qxd6+ Kxd6 32. a3 b5 33. Ng1
a5 34. bxa5 Nxa5 35. Nf3 Nb3 36. Ng5 h5 37. Nf3 Nc1 38. Ne1 g5 39. g4 hxg4 40.
Kg3 Ke6 41. Kxg4 Kf6 42. h4 gxh4 43. Kxh4 Ne2 44. Nc2 Nc3 45. Nb4 Ke6 46. Kg5
Nb1 47. Nc2 Nd2 48. Nb4 Nb1 49. Nc2 Nd2 1/2-1/2